<?xml version="1.0" encoding="UTF-8"?>
<record
    xmlns:xsi="http://www.w3.org/2001/XMLSchema-instance"
    xsi:schemaLocation="http://www.loc.gov/MARC21/slim http://www.loc.gov/standards/marcxml/schema/MARC21slim.xsd"
    xmlns="http://www.loc.gov/MARC21/slim">

  <leader>00883nam a2200193Ia 4500</leader>
  <controlfield tag="008">151121s9999||||xx |||||||||||||| ||und||</controlfield>
  <datafield tag="082" ind1=" " ind2=" ">
    <subfield code="a">294&#x964;5-/&#x92E;&#x947;&#x939;&#x924;&#x93E;</subfield>
  </datafield>
  <datafield tag="082" ind1=" " ind2=" ">
    <subfield code="b">HNW-11183</subfield>
  </datafield>
  <datafield tag="100" ind1=" " ind2=" ">
    <subfield code="a">&#x92E;&#x947;&#x939;&#x924;&#x93E; &#x92C;&#x93E;&#x964;-&#x905;&#x928;&#x941;</subfield>
  </datafield>
  <datafield tag="245" ind1=" " ind2=" ">
    <subfield code="a">&#x939;&#x93F;&#x902;&#x926;&#x941;&#x927;&#x930;&#x94D;&#x92E;&#x93E;&#x91A;&#x940;&#x902; &#x92E;&#x942;&#x932;&#x924;&#x924;&#x94D;&#x924;&#x94D;&#x935;&#x947;&#x902; &#x906;&#x923;&#x93F; &#x92A;&#x941;&#x928;&#x930;&#x94D;&#x918;&#x91F;&#x928;&#x93E;</subfield>
  </datafield>
  <datafield tag="260" ind1=" " ind2=" ">
    <subfield code="b">"&#x938;&#x941;&#x932;&#x92D; &#x930;&#x93E;&#x937;&#x94D;&#x91F;&#x94D;&#x930;&#x940;&#x92F; &#x917;&#x94D;&#x930;&#x902;&#x925;&#x92E;&#x93E;&#x932;&#x93E;, &#x92A;&#x941;&#x923;&#x947;&#x964;"</subfield>
  </datafield>
  <datafield tag="260" ind1=" " ind2=" ">
    <subfield code="c">--</subfield>
  </datafield>
  <datafield tag="300" ind1=" " ind2=" ">
    <subfield code="a">145</subfield>
  </datafield>
  <datafield tag="600" ind1=" " ind2=" ">
    <subfield code="a">&#x92E;&#x947;&#x939;&#x924;&#x93E; &#x92C;&#x93E;&#x964;-&#x905;&#x928;&#x941;</subfield>
  </datafield>
  <datafield tag="630" ind1=" " ind2=" ">
    <subfield code="a">&#x939;&#x93F;&#x902;&#x926;&#x941;&#x927;&#x930;&#x94D;&#x92E;&#x93E;&#x91A;&#x940;&#x902; &#x92E;&#x942;&#x932;&#x924;&#x924;&#x94D;&#x924;&#x94D;&#x935;&#x947;&#x902; &#x906;&#x923;&#x93F; &#x92A;&#x941;&#x928;&#x930;&#x94D;&#x918;&#x91F;&#x928;&#x93E;</subfield>
  </datafield>
  <datafield tag="700" ind1=" " ind2=" ">
    <subfield code="a">&#x92E;&#x947;&#x939;&#x924;&#x93E; &#x92C;&#x93E;&#x964;-&#x905;&#x928;&#x941;</subfield>
  </datafield>
  <datafield tag="730" ind1=" " ind2=" ">
    <subfield code="a">&#x939;&#x93F;&#x902;&#x926;&#x941;&#x927;&#x930;&#x94D;&#x92E;&#x93E;&#x91A;&#x940;&#x902; &#x92E;&#x942;&#x932;&#x924;&#x924;&#x94D;&#x924;&#x94D;&#x935;&#x947;&#x902; &#x906;&#x923;&#x93F; &#x92A;&#x941;&#x928;&#x930;&#x94D;&#x918;&#x91F;&#x928;&#x93E;</subfield>
  </datafield>
  <datafield tag="942" ind1=" " ind2=" ">
    <subfield code="c">BOOK</subfield>
  </datafield>
  <datafield tag="999" ind1=" " ind2=" ">
    <subfield code="c">1216136</subfield>
    <subfield code="d">1216133</subfield>
  </datafield>
  <datafield tag="952" ind1=" " ind2=" ">
    <subfield code="0">0</subfield>
    <subfield code="1">0</subfield>
    <subfield code="4">0</subfield>
    <subfield code="7">0</subfield>
    <subfield code="a">HNW</subfield>
    <subfield code="b">HNW</subfield>
    <subfield code="d">2015-11-21</subfield>
    <subfield code="g">1.00</subfield>
    <subfield code="l">0</subfield>
    <subfield code="o">HNW-11183</subfield>
    <subfield code="p">HNW-11183</subfield>
    <subfield code="r">2015-11-21 00:00:00</subfield>
    <subfield code="v">1.00</subfield>
    <subfield code="w">2015-11-21</subfield>
    <subfield code="y">BOOK</subfield>
  </datafield>
</record>
